Statistiche per Podi Campionato europeo di pallanuoto

Clicka qui per fare il quiz!

Statistiche generali

  • Questo quiz è stato fatto 4 volte
  • Il punteggio medio è 11 su 14

Statistiche sulle risposte

Totale podiPrimo postoSecondo postoTerzo postoNazionale% Corretto
1010Francia
100%
11326Italia
100%
22895Jugoslavia / Serbia
100%
7034Spagna
100%
1001Austria
75%
3003Belgio
75%
5221Croazia
75%
1010Germania Est
75%
8233Germania Ovest / Germania
75%
2101Paesi Bassi
75%
3030Svezia
75%
261376Ungheria
75%
11533Unione Sovietica / Russia
75%
4121Montenegro
50%

Distribuzione punteggi

Percentile per numero di risposta

Percentuale di utenti per punteggio

I tuoi punteggi nel tempo

Non hai fatto questo quiz